Countries that inspired Madonna - Statistics

General Stats
  • This quiz has been taken 101 times
  • The average score is 8 of 16
Answer Stats
Answer % Correct
USA
97%
Argentina
89%
France
84%
Colombia
70%
Italy
62%
Brazil
61%
India
59%
Spain
56%
Israel
49%
Sweden
49%
Japan
48%
Portugal
33%
Jamaica
23%
Cape Verde
20%
Belize
14%
Scotland
3%
No matching quizzes found
Score Distribution
Percent of People with Each Score
Percentile by Number Answered
Your Score History
You have not taken this quiz